[Event "GXP Serie-B 2nd"]
[Site "Portugal"]
[Date "2004.??.??"]
[Round "8"]
[White "Ferreira, Paulo"]
[Black "Fernandes, Sandro Moura"]
[Result "0-1"]
[WhiteElo "2135"]
[BlackElo "1800"]
[PlyCount "114"]
[EventDate "2004.??.??"]
[EventType "tourn"]
[EventRounds "9"]
[EventCountry "POR"]
[SourceTitle "EXT 2007"]
[Source "ChessBase"]
[SourceDate "2006.11.23"]
[SourceVersion "1"]
[SourceVersionDate "2006.11.23"]
[SourceQuality "1"]

1. d4 d5 2. c4 e6 3. Nf3 Nf6 4. cxd5 exd5 5. Bg5 Be7 6. Nc3 c6 7. Qc2 Nbd7 8. e3 Nh5 9. Bxe7 Qxe7 10. 0-0-0 Nhf6 11. Bd3 Nb6 12. e4 Be6 13. Ng5 0-0-0 14. e5 Nfd7 15. Nxe6 Qxe6 16. Nb5 Kb8 17. Nd6 Nc8 18. Nf5 g6 19. Ne3 Ncb6 20. b4 Qe7 21. Qb3 f6 22. f4 fxe5 23. fxe5 Rhf8 24. Rhe1 Rf2 25. Be2 Nxe5 26. dxe5 Qxe5 27. Ng4 Qf4+ 28. Qe3 Qxe3+ 29. Nxe3 Re8 30. Kd2 d4 31. Ng4 Nc4+ 32. Kd3 Nb2+ 33. Kxd4 Rf4+ 34. Kc3 Nxd1+ 35. Rxd1 Rxe2 36. h3 h5 37. Kd3 Rxg2 38. Ke3 Rfxg4 39. hxg4 Rxg4 40. a3 Rg3+ 41. Kf4 Rxa3 42. Kg5 Rg3+ 43. Kf6 Kc7 44. Ke6 h4 45. Rd7+ Kb6 46. Rh7 g5 47. Kd7 a5 48. bxa5+ Kxa5 49. Kc7 h3 50. Kxb7 Kb5 51. Rh6 c5 52. Kc7 g4 53. Kd6 Rg2 54. Rh5 h2 55. Rxc5+ Kb4 56. Rh5 g3 57. Ke5 Rg1 0-1

[Event "GXP Serie-B 2nd"]
[Site "Portugal"]
[Date "2004.??.??"]
[Round "7"]
[White "Prezado, Jose Carlos"]
[Black "Fernandes, Sandro Moura"]
[Result "1/2-1/2"]
[WhiteElo "1800"]
[BlackElo "1800"]
[PlyCount "83"]
[EventDate "2004.??.??"]
[EventType "tourn"]
[EventRounds "9"]
[EventCountry "POR"]
[SourceTitle "EXT 2007"]
[Source "ChessBase"]
[SourceDate "2006.11.23"]
[SourceVersion "1"]
[SourceVersionDate "2006.11.23"]
[SourceQuality "1"]

1. e4 d5 2. exd5 Qxd5 3. Nc3 Qa5 4. Nf3 c6 5. Bc4 Nf6 6. 0-0 Bf5 7. d4 e6 8. Re1 Be7 9. Qe2 0-0 10. Bd2 Qd8 11. Bg5 Nd5 12. Bxe7 Nxe7 13. Rad1 Nd5 14. Nxd5 cxd5 15. Bb3 Nd7 16. c4 dxc4 17. Bxc4 Nb6 18. Bb3 Nd5 19. Qe5 Re8 20. Rc1 Nb4 21. Bc4 Nc6 22. Qf4 Ne7 23. Bb5 Nd5 24. Qd2 Re7 25. Nh4 Bg6 26. Nxg6 hxg6 27. Re4 Rc8 28. Ree1 Rec7 29. Rxc7 Qxc7 30. Bd3 Nf6 31. Qe3 Qa5 32. Bxg6 fxg6 33. Qxe6+ Kh7 34. Qh3+ Nh5 35. Rf1 Rc7 36. g4 Qg5 37. f4 Qd5 38. gxh5 Qxd4+ 39. Rf2 Rc8 40. Kg2 Qe4+ 41. Qf3 Qxf3+ 42. Kxf3 1/2-1/2